Les Plus Grandes Villes de Minas Gerais - Brésil - Statistiques

Statistiques générales
  • Ce quiz a été pris 16 fois
  • Le résultat moyen est 8 sur 13
Statistiques - réponses
Population Réponse % Correct
2.525.000 habitants Belo Horizonte
100%
565.000 habitants Juiz de Fora
67%
680.000 habitants Uberlândia
67%
650.000 habitants Contagem
58%
240.000 habitants Divinópolis
58%
325.000 habitants Uberaba
58%
430.000 habitants Betim
50%
280.000 habitants Governador Valadares
50%
260.000 habitants Ipatinga
50%
405.000 habitants Montes Claros
50%
330.000 habitants Ribeirão das Neves
50%
215.000 habitants Santa Luzia
50%
235.000 habitants Sete Lagoas
42%
Aucun quiz correspondant
Distribution des résultats
% des personnes avec chaque résultat
Percentile par nombre de réponses
Votre historique - résultats
Vous n’avez pas pris ce quiz